Escenarios de dos mundos: Inventario teatral de Iberoamérica

Kaydedildi:
Detaylı Bibliyografya
Materyal Türü: Kitap
Dil:Undetermined
Baskı/Yayın Bilgisi: Madrid, España Centro de Documentación Teatral 1989
Konular:
Etiketler: Etiketle
Etiket eklenmemiş, İlk siz ekleyin!

MARC

LEADER 00000nam a2200000Ia 4500
008 170316s9999 xx 000 0 und d
090 |a 792 E-1e v.3 
245 |a Escenarios de dos mundos: Inventario teatral de Iberoamérica 
260 |a Madrid, España 
260 |b Centro de Documentación Teatral 
260 |c 1989 
300 |a 345 páginas Tomo 3 
650 |a TEATRO 
999 |c 19739  |d 19739 
040 |a cru BVZT 
942 |c 15 D  |h 792 E-1e v.3  |2 z